000 01403nam a22003857a 4500
003 CHAP
005 20220329141202.0
008 971010s1982 r 00010 d
010 _a64008
011 _a64980
035 _a71135
040 _cCHAP
090 _aTesis
100 0 0 _aNúñez Domínguez, Rafael.
_981929
245 _aComparación de algunas influencias sobre producción y reproducción en ganado Holstein de diferentes establos en México
260 _aChapingo, Méx. :
_bEl autor,
_c1982
300 _a66 h.
_b; gráfs.
502 _aTesis (Ing. Agrónomo Esp. en Zootecnia) -- UACH. Departamento de Zootecnia
590 _aALEPH
_b10
_c20130110
_lUCH01
_h1348
590 _aBATCH-UPD
_b10
_c20130110
_lUCH01
_h0801
590 _aBATCH-UPD
_b10
_c20130410
_lUCH01
_h0440
590 _aBATCH-UPD
_b10
_c20130914
_lUCH01
_h1511
590 _aCONVERSION
_b10
_c20130109
_lUCH01
_h1335
650 1 4 _aGanado Holstein.
_945133
650 1 4 _aGanado lechero
_xFecundidad.
_945264
650 1 4 _aGanado lechero
_xProducción.
_945288
901 _aBK
942 _cFOLL
949 _aN190
_bZ
_cTESBD
_d-3734
_eTS1
_h520
_i71135
_si
949 _aN190
_bZ
_cTESBD
_d-83924
_eTS2
_fc.2
_h521
_i71135
_si
949 _bBC
_cTES
_d-148680
_eTS1
_i71135
_si
949 _bBC
_cTES
_d-148681
_eTS2
_fc.2
_i71135
_si
949 _bBC
_cTES
_d-148682
_eTS2
_fc.3
_i71135
_si
949 _bZA
_cTESBD
_d-8862
_eTS1
_h286
_i71135
_si
999 _c64008
_d64008